<?xml version="1.0" encoding="UTF-8"?><?xml-stylesheet type="text/xsl" href="static/style.xsl"?><OAI-PMH xmlns="http://www.openarchives.org/OAI/2.0/" xmlns:xsi="http://www.w3.org/2001/XMLSchema-instance" xsi:schemaLocation="http://www.openarchives.org/OAI/2.0/ http://www.openarchives.org/OAI/2.0/OAI-PMH.xsd"><responseDate>2026-04-14T08:21:52Z</responseDate><request verb="GetRecord" identifier="oai:www.recercat.cat:10230/68999" metadataPrefix="marc">https://recercat.cat/oai/request</request><GetRecord><record><header><identifier>oai:recercat.cat:10230/68999</identifier><datestamp>2025-12-26T11:25:59Z</datestamp><setSpec>com_2072_6</setSpec><setSpec>col_2072_452952</setSpec></header><metadata><record xmlns="http://www.loc.gov/MARC21/slim" xmlns:dcterms="http://purl.org/dc/terms/" xmlns:xsi="http://www.w3.org/2001/XMLSchema-instance" xmlns:doc="http://www.lyncode.com/xoai" xsi:schemaLocation="http://www.loc.gov/MARC21/slim http://www.loc.gov/standards/marcxml/schema/MARC21slim.xsd">
   <leader>00925njm 22002777a 4500</leader>
   <datafield ind2=" " ind1=" " tag="042">
      <subfield code="a">dc</subfield>
   </datafield>
   <datafield ind2=" " ind1=" " tag="720">
      <subfield code="a">Asenjo, Judit</subfield>
      <subfield code="e">author</subfield>
   </datafield>
   <datafield ind2=" " ind1=" " tag="720">
      <subfield code="a">Moraru, Manuela</subfield>
      <subfield code="e">author</subfield>
   </datafield>
   <datafield ind2=" " ind1=" " tag="720">
      <subfield code="a">Al-Akioui-Sanz, Karima</subfield>
      <subfield code="e">author</subfield>
   </datafield>
   <datafield ind2=" " ind1=" " tag="720">
      <subfield code="a">Altadill, Mireia</subfield>
      <subfield code="e">author</subfield>
   </datafield>
   <datafield ind2=" " ind1=" " tag="720">
      <subfield code="a">Muntasell i Castellví, Aura, 1972-</subfield>
      <subfield code="e">author</subfield>
   </datafield>
   <datafield ind2=" " ind1=" " tag="720">
      <subfield code="a">López-Botet, M. (Miguel)</subfield>
      <subfield code="e">author</subfield>
   </datafield>
   <datafield ind2=" " ind1=" " tag="720">
      <subfield code="a">Vilches, Carlos</subfield>
      <subfield code="e">author</subfield>
   </datafield>
   <datafield ind2=" " ind1=" " tag="260">
      <subfield code="c">2025-01-08T07:26:57Z</subfield>
   </datafield>
   <datafield ind2=" " ind1=" " tag="260">
      <subfield code="c">2025-01-08T07:26:57Z</subfield>
   </datafield>
   <datafield ind2=" " ind1=" " tag="260">
      <subfield code="c">2024</subfield>
   </datafield>
   <datafield ind2=" " ind1=" " tag="520">
      <subfield code="a">A subpopulation of NK cells with distinctive phenotype and function differentiates and expands specifically in response to infection by human cytomegalovirus (HCMV). A hallmark of these adaptive NK cells is their increased expression levels of the activating CD94/NKG2C receptor for HLA-E, and lack of expression of its inhibitory homologue CD94/NKG2A. Their frequency is highly variable in HCMV+ individuals, and the basis for such differences is only partially understood. Here, we explore the possible influence of sequence polymorphism of the NKG2C (or KLRC2) gene on the expansion of NKG2C+NKG2A- NK cells in healthy HCMV-seropositive donors. Our results show a significant association of greater proportions of adaptive NK cells with allele NKG2C*02. This is defined by two amino acid substitutions in comparison with the most prevalent allele, NKG2C*01, and associates with additional sequence polymorphisms in noncoding regions. Furthermore, we demonstrate consistently higher mRNA levels of NKG2C*02 in heterozygous individuals co-expressing this allele in combination with NKG2C*01 or *03. This predominance is independent of polymorphisms in the promoter and 3&amp;apos; UTRs and is appreciated also in HCMV-seronegative donors. In summary, although additional factors are most likely implicated in the variable expansion of NKG2C+NKG2A- NK cells in response to HCMV, our results demonstrate that host immunogenetics, in particular NKG2C diversity, influences the magnitude of such response.</subfield>
   </datafield>
   <datafield ind2=" " ind1=" " tag="520">
      <subfield code="a">This work supported by grant EU FP7-MINECO Infect-ERA program (PCIN-2015-191-C02-01/02), AEI/FEDER, EU (PID2019-110609RB-C22/AEI/10.13039/501100011033). Manuela Moraru and Judit Asenjo were hired by the latter grant and by (GCB15152947MELE) from the Asociación Española contra el Cáncer Foundation. Karima Al-Akioui-Sanz was supported sequentially by grant (PEJ-2017-AI/BMD-7377), with co-financing by EU Youth Employment Initiative, European Social Fund (91.89%) and Consejería de Educación, Juventud y Deporte de la Comunidad de Madrid.</subfield>
   </datafield>
   <datafield tag="653" ind2=" " ind1=" ">
      <subfield code="a">NKG2C receptor</subfield>
   </datafield>
   <datafield tag="653" ind2=" " ind1=" ">
      <subfield code="a">Alleles</subfield>
   </datafield>
   <datafield tag="653" ind2=" " ind1=" ">
      <subfield code="a">Cytomegalovirus</subfield>
   </datafield>
   <datafield tag="653" ind2=" " ind1=" ">
      <subfield code="a">Genetic polymorphism</subfield>
   </datafield>
   <datafield tag="653" ind2=" " ind1=" ">
      <subfield code="a">Human genetics</subfield>
   </datafield>
   <datafield tag="653" ind2=" " ind1=" ">
      <subfield code="a">Natural killer cell lectin‐like receptors</subfield>
   </datafield>
   <datafield ind2="0" ind1="0" tag="245">
      <subfield code="a">NKG2C sequence polymorphism modulates the expansion of adaptive NK cells in response to human CMV</subfield>
   </datafield>
</record></metadata></record></GetRecord></OAI-PMH>